[Event "VIE-ch U15"]
[Site "Ho Chi Minh City"]
[Date "2014.07.14"]
[Round "3"]
[White "Nguyen, Hoang Hai1111"]
[Black "Huynh, Nhut"]
[Result "1-0"]
[WhiteElo "1754"]
[BlackElo "1858"]
[PlyCount "45"]
[EventDate "2014.07.13"]
[EventType "swiss"]
[EventRounds "9"]
[EventCountry "VIE"]
[SourceTitle "EXT 2016"]
[Source "ChessBase"]
[SourceDate "2015.10.08"]
[SourceVersion "1"]
[SourceVersionDate "2015.10.08"]
[SourceQuality "1"]

1. e4 c5 2. Nf3 d6 3. d4 cxd4 4. Nxd4 Nf6 5. Nc3 e6 6. Be2 Be7 7. Be3 a6 8. f4 b5 9. Bf3 Ra7 10. Nxe6 Qd7 11. Bxa7 Qxa7 12. Qd4 Qxd4 13. Nxd4 0-0 14. 0-0 Rd8 15. Rfd1 Bg4 16. e5 Bxf3 17. exf6 Bxd1 18. fxe7 Re8 19. Rxd1 Rxe7 20. Nf5 Rd7 21. Rxd6 Rxd6 22. Nxd6 Kf8 23. Kf2 1-0

[Event "VIE-ch U15"]
[Site "Ho Chi Minh City"]
[Date "2014.07.13"]
[Round "1"]
[White "Phan, Ba Viet"]
[Black "Huynh, Nhut"]
[Result "1-0"]
[WhiteElo "1764"]
[BlackElo "1858"]
[PlyCount "53"]
[EventDate "2014.07.13"]
[EventType "swiss"]
[EventRounds "9"]
[EventCountry "VIE"]
[SourceTitle "EXT 2016"]
[Source "ChessBase"]
[SourceDate "2015.10.08"]
[SourceVersion "1"]
[SourceVersionDate "2015.10.08"]
[SourceQuality "1"]

1. e4 c5 2. Nc3 d6 3. g3 e6 4. Bg2 Nc6 5. d3 Be7 6. f4 Nf6 7. Nf3 Qc7 8. 0-0 0-0 9. h3 a6 10. g4 b5 11. f5 Rd8 12. Bg5 h6 13. Bxf6 Bxf6 14. Qe1 Re8 15. Qg3 Ne5 16. h4 Nxf3+ 17. Bxf3 Be5 18. Qg2 Bd7 19. g5 hxg5 20. hxg5 Rac8 21. f6 g6 22. Qh3 c4 23. Qh6 Qc5+ 24. Kg2 Bxf6 25. gxf6 Qg5+ 26. Qxg5 Rc5 27. Qh6 1-0